00247nam a2200109Ia 4500008004100000020002200041041000800063100001300071245002300084260002200107300000800129240521s2014 xx 000 0 und d a978-81-8014-168-3 aeng aPOTDAR H aTIRTHA ANK- KALYAN bGIBBS SMITHc2014 a812